=LDR 00000nam 2200000 4500 =001 INLIS000000000025940 =005 20130612124419 =008 ***********************************ind** =035 ##$$0010-061300000025940 =041 ##$$a ind =082 ##$$a 650 =090 ##$$a 650, Car k =100 ##$$a Car =245 ##$$a Kiat menarik keberuntungan, Carr =260 ##$$a 2001 $b Semarang =300 ##$$a 209 hlm, 21 cm =650 ##$$a Kiat - cara =850 ##$$a NBPNMAT